Statystyki dla Zwycięzcy cyklu Speedway Grand Prix

Kliknij tutaj aby rozwiązać quiz!

Ogólne statystyki

  • Ten quiz został rozwiązany 522 razy
  • Średni wynik to 18 z 24

Statystyki odpowiedzi

SezonImię i nazwisko% Poprawnych
2010Tomasz Gollob
95%
2018Tai Woffinden
91%
2015Tai Woffinden
91%
2013Tai Woffinden
91%
1997Greg Hancock
87%
2016Greg Hancock
87%
2014Greg Hancock
87%
2011Greg Hancock
87%
2008Nicki Pedersen
83%
2007Nicki Pedersen
83%
2003Nicki Pedersen
83%
2017Jason Doyle
82%
2012Chris Holder
72%
2005Tony Rickardsson
71%
2002Tony Rickardsson
71%
2001Tony Rickardsson
71%
1999Tony Rickardsson
71%
1998Tony Rickardsson
71%
2006Jason Crump
70%
2004Jason Crump
70%
2009Jason Crump
70%
1995Hans Nielsen
47%
2000Mark Loram
38%
1996Billy Hamill
34%

Rozkład punktacji

Percentyl według liczby udzielonych odpowiedzi

Procent ludzi z każdym wynikiem

Twoja historia wyników

Nie rozwiązałeś tego quizu